Holiday Quiz

Random Holiday or Celebrity Quiz

World Vegetarian Day (Images) Quiz Stats

 Plays Quiz not verified by Sporcle

Challenge
Share
Tweet
Score 0/30 Timer 06:00
1 Play Today
% Correct
Albert Einstein
95.4%
Adolf Hitler
92.3%
Bill Clinton
90.1%
Paul McCartney
87.5%
Ellen Degeneres
87.1%
Steve Jobs
86.7%
Mahatma Gandhi
85.6%
Prince
84.6%
Mike Tyson
84.3%
Anne Hathaway
81.7%
Pamela Anderson
81.2%
Russell Brand
72.9%
Natalie Portman
64.5%
Bob Barker
46.7%
Forest Whitaker
43.7%
% Correct
Kristen Bell
42%
Alanis Morissette
41.4%
Rosa Parks
40.5%
Lea Michele
34.5%
Mary Tyler Moore
31%
Martina Navratilova
29.2%
Morrissey
25.8%
Susan B. Anthony
22.7%
Russell Simmons
19.8%
Cory Booker
14.6%
Ricky Williams
12.5%
John Salley
11.8%
Carl Lewis
9.6%
George Bernard Shaw
8.5%
Cesar Chavez
5.4%

You're not logged in!

Compare scores with friends on all Sporcle quizzes.
Join for Free
OR
Log In

You Might Also Like...

Show Comments

Extras

Top Quizzes Today


Score Distribution

Your Account Isn't Verified!

In order to create a playlist on Sporcle, you need to verify the email address you used during registration. Go to your Sporcle Settings to finish the process.

Report this User

Report this user for behavior that violates our Community Guidelines.

Details: